Đánh giá thực trạng thể lực của học sinh khối 10, 11 và 12 tại trường THPT Sao Nam - Duy Xuyên - Quảng Nam
Quan điểm của Đảng và nhà nước về công tác GDTC trong trường học....Phương pháp và tổ chức nghiên cứu.
Salvato in:
| Autore principale: | |
|---|---|
| Altri autori: | |
| Natura: | Libro |
| Lingua: | Vietnamese |
| Pubblicazione: |
Đại học Đà Nẵng
ĐH Sư phạm
2011
|
| Soggetti: | |
| Tags: |
Aggiungi Tag
Nessun Tag, puoi essere il primo ad aggiungerne! !
|
| Thư viện lưu trữ: | Mạng thư viện Đại học Đà Nẵng |
|---|
| LEADER | 01498nam a2200373 4500 | ||
|---|---|---|---|
| 001 | 000011647 | ||
| 003 | 7906 | ||
| 005 | 20120208070214.0 | ||
| 008 | 120208s2011 viesd | ||
| 041 | |a vie | ||
| 072 | |a Khóa luận tốt nghiệp | ||
| 082 | |a 796.04 |b PH-D | ||
| 100 | |a Phan, Thị Diễm |e Tác giả | ||
| 245 | |a Đánh giá thực trạng thể lực của học sinh khối 10, 11 và 12 tại trường THPT Sao Nam - Duy Xuyên - Quảng Nam |c Phan Thị Diễm | ||
| 260 | |a Đại học Đà Nẵng |b ĐH Sư phạm |c 2011 | ||
| 300 | |a 76 tr. |c 29 cm | ||
| 500 | |a Khóa luận tốt nghiệp khoa Giáo dục chính trị. Lớp 07 STQ | ||
| 520 | |a Quan điểm của Đảng và nhà nước về công tác GDTC trong trường học....Phương pháp và tổ chức nghiên cứu. | ||
| 653 | |a Nghiên cứu | ||
| 653 | |a Thể lực | ||
| 653 | |a Học sinh 10, 11, 12 | ||
| 653 | |a THPT Sào Nam | ||
| 653 | |a Quảng Nam | ||
| 700 | |a Hoàng Trọng Lợi |c Th.S |e Hướng dân | ||
| OWN | |a LSP | ||
| AVA | |a UDN50 |b LSP |d 796.04 PH-D |e available |t Error 5001 Not defined in file expand_doc_bib_avail. |f 1 |g 0 |h N |i 0 |k 1 | ||
| 999 | |a From the UDN01 | ||
| AVA | |a UDN50 |b LSP |d 796.04 PH-D |e available |t Error 5001 Not defined in file expand_doc_bib_avail. |f 1 |g 0 |h N |i 0 |k 1 | ||
| TYP | |a Monograph | ||
| TYP | |a Printed language | ||
| 980 | |a Mạng thư viện Đại học Đà Nẵng | ||